000 00607nam a22002177a 4500
003 UA-OsUOA
001 118043
007 ta
008 20160715b un ||||| |||| 00| 0 ukr d
100 _aХоменко І.
090 _a101
_bХ76
942 _cSA
040 _aUA-OsUOA
_bukr
_cUA-OsUOA
_dUA-OsUOA
245 _aНеформальна логіка та аргументивне міркування
300 _aС.34-47
955 _a0
041 _aukr
080 _a101
773 0 _w118042
_tФілософська думка
_dК.
_d2016
_g3
650 7 _a1 Філософські науки
_2UDC
999 _c404077
_d404077